中國古典詩的抒情特質

資料類型: Book 圖書   書目號:35915

Leader xxxxxxxxxx
001 __ PCLIS00035915
005 __ 20060310112205.05
010 0_ |a957-|b平裝|dNT$
020 __ |acw|b82005151
100 __ |a20060310d2006        0chib0109    e
101 0_ |achi
102 __ |acw
105 __ |aa   z   000yy
200 1_ |a中國古典詩的抒情特質|e|f蔡英俊著|g
205 __ |a初版
210 __ |a臺北市|c國立台灣大學|d民95年
215 0_ |a|c圖, 表|d公分
225 1_ |a|v
300 __ |a
681 __ |a821.886|b
700 __ |a蔡英俊|b|4702 _1 |a|b|4
801 __ |acw|b本館|c20060310
  
  
  
  
  
  
  
  
  
  
  
  
  
  
  
  
  
  
  
詳細館藏 1-2 筆 (共 2 筆)
索 書 號登 錄 號冊次號館別 / 館藏地流通類型狀態加入預約清單電子資源
821.886 / 8489 2015161  圖書館 / 一樓普通區 可外借30天 在館   
821.886 / 8489 2015162  圖書館 / 一樓普通區 可外借30天 在館   

| 條列資料




目錄查詢 分類查詢 個人資料 圖書薦購 新書查詢 閉館日 排行榜 更多電子資源 Hami書城 線上資料庫 登出

From : 216.73.216.116

  本日流通累計至 19:08:38 借閱 : 0 次 續借 : 0 次 歸還 : 0 次 預約 : 0 次 電子資源 : 0 次


內湖高中圖書館  PCLIS 版本  25.5.0.2